000 00392 a2200157 4500
005 20250628152447.0
020 _a978-93-325-1874-2
082 _a004.6 TAN
100 _aTANENBAUM, A. S.
245 _aComputer, Networks.
250 _a5th Ed.
260 _aNew York,
_bPearson,
_c2019.
300 _a789p.; ill.; figure, table
_bIndex
_c24cm
700 _aWETHERALL, D. J.
942 _2ddc
_cBKS
999 _c4370
_d4370